| 000 | 00742nam a2200241Ia 4500 | ||
|---|---|---|---|
| 003 | OSt | ||
| 005 | 20230518150055.0 | ||
| 008 | 210423s2012 xx 000 0 und d | ||
| 020 | _a978-1-107-68238-2 | ||
| 040 | _cAL | ||
| 041 | _aeng | ||
| 082 | _a338.5 HIRP | ||
| 100 |
_aHIRSHLEIFER (Jack);GLAZER (Amihai);HIRSHLEIFER (David) _9108424 |
||
| 245 | _aPrice theory and applications: decisions markets and information Ed 7 | ||
| 250 | _a7 | ||
| 260 |
_aNew Delhi _bCambridge University Press _c2012 |
||
| 300 |
_axvi,614 _bPB |
||
| 365 |
_b895 _cINR |
||
| 650 |
_aEconomics _9108425 |
||
| 650 |
_aProduction Economics _9108426 |
||
| 906 | _aapplications: ; decisions ; Ed ; information ; markets ; Price ; theory | ||
| 942 |
_2ddc _cBK |
||
| 999 |
_c167772 _d167772 |
||